| 000 | 01136nac a22003137a 4500 | ||
|---|---|---|---|
| 001 | BR8003426 | ||
| 003 | BR-BrBNA | ||
| 005 | 20240105114716.0 | ||
| 008 | 230509b bl.|||m| |||| 00| 0 por d | ||
| 040 |
_aBR-BrBNA _bpor _cBiblioteca Nacional de Agricultura |
||
| 072 | _aL10; L30 | ||
| 090 | _a5300 BR8003426 | ||
| 100 | 1 | _aLarambebere, W.H.S. | |
| 110 | 1 | _aCentro Nacional de Pesquisa de Suinos e Aves, Concordia, SC (Brasil) | |
| 245 | 1 | _aEvolucao da performance de machos de pedigree landrace, large white e Duroc, avaliados na EAS de Concordia nos ultimos cinco anos [Suino; Reprodutor; Selecao genetica; Ganho de peso; Santa Catarina; Brasil] | |
| 260 | 3 |
_aConcordia, SC (Brasil): _c1980. |
|
| 300 | _a5 p. | ||
| 490 |
_aPesquisa em Andamento - Centro Nacional de Pesquisa de Suinos e Aves (Brazil) _vno. 4 _x |
||
| 650 | _aSUINO | ||
| 650 | _aEFICIENCIA REPRODUTIVA | ||
| 650 | _aPERFORMANCE | ||
| 650 | _aREPRODUTOR | ||
| 650 | _aSELECAO GENETICA | ||
| 650 | _aGANHO DE PESO | ||
| 650 | _aCONCORDIA | ||
| 650 | _aSANTA CATARINA | ||
| 909 |
_a202312 _bLúcia Elande _c55 _dLúcia Elande |
||
| 942 |
_2AGRIS _n0 _cMS |
||
| 999 |
_c270863 _d270863 |
||